000 00482nam a2200193Ia 4500
005 20140311163150.0
008 140130s9999 xx 000 0 und d
020 _a0439830133
050 _aE 234
_b.Am46 2006
100 _4Ammon, Richard
245 _cAmmon, Richard
_aValley forge (Ammon) /
260 _bScholastic,
_c2006.
_aNew York :
300 _a32 p. :
_bcol. ill. ;
_c29 cm.
440 _v1
521 _aG9
526 _c1040
942 _cBK
_2lcc
999 _c42231
_d42231